Effects of taxation : on executives.

Bibliographic Details
Main Author: Sanders, Thomas H. (Thomas Henry), 1885-
Format: Book
Language:English
Published: Boston : Division of Research, Graduate School of Business Administration, Harvard University, 1951.
Subjects:

MARC

Tag First Indicator Second Indicator Subfields
LEADER 00000cam a2200000 4500
001 in00000062989
005 20151008051128.0
008 750813s1951 mau 00000 eng
010 |a  51011540  
035 |a (OCoLC)01542910 
035 |9 AAG5928AM 
040 |a DLC  |c FNP  |d TXA  |d UtOrBLW 
049 |a TXAM  |c [200268] 
050 0 |a HJ4653.E85  |b S3 
092 |a 336.24  |b S215e 
100 1 |a Sanders, Thomas H.  |q (Thomas Henry),  |d 1885- 
245 1 0 |a Effects of taxation :  |b on executives. 
264 1 |a Boston :  |b Division of Research, Graduate School of Business Administration, Harvard University,  |c 1951. 
300 |a xiii, 229 pages ;  |c 21 cm. 
336 |a text  |b txt  |2 rdacontent 
337 |a unmediated  |b n  |2 rdamedia 
338 |a volume  |b nc  |2 rdacarrier 
500 |a "The fourth volume to be published as a result of the research project on the effects of taxation on business conducted through the Harvard Graduate School of Business Administration." 
650 0 |a Executives. 
650 0 |a Income tax  |z United States. 
650 0 |a Wages  |z United States. 
650 0 |a Old age pensions  |z United States. 
999 |a MARS 
999 f f |s 8adbe0cf-5ab7-348f-b0a7-bd20a4112aca  |i 7538520e-2611-3bbf-99c1-5a282c2b79b7  |t 0 
952 f f |p ric  |a Texas A&M University  |b Rellis Campus  |c Joint Library Facility  |d Remote Storage  |t 0  |e HJ4653.E85 S3  |h Library of Congress classification  |i unmediated -- volume  |m A14800749805 
998 f f |a HJ4653.E85 S3  |t 0  |l Remote Storage